| 000 | 00925cam a2200265 a 4500 | ||
|---|---|---|---|
| 008 | 211010s1996 sa a bf 000 0 eng d | ||
| 020 | _a0868103144 | ||
| 040 |
_aEG-GiCUC _beng _bEG-GiCUC |
||
| 092 | 0 | 4 |
_a004.678 _bB4962 _221 |
| 099 |
_a04 _a004.678 B4962 |
||
| 100 | 1 |
_aBerger, Guy, _d 1956- |
|
| 245 | 1 | 4 |
_aThe Internet : _ba goldmine for editors & reports / _cGuy Berger. |
| 260 |
_aGrahamstown : _bRhodes University, Dept. of Journalism and Media Studies, New Media Laboratory, _c1996. |
||
| 300 |
_aiv, 43 p. : _b ill. ; _c 23 cm. |
||
| 490 | 0 |
_aNew Media Laboratory occasional paper, ; _v no1. |
|
| 504 | _aIncludes bibliographical references. | ||
| 650 | 0 | _aInternet. | |
| 650 | 0 |
_aJournalism _x Research. |
|
| 650 | 0 |
_aJournalism _xData processing. |
|
| 902 | _a1 | ||
| 905 |
_aGhada _eRev. |
||
| 905 |
_ahanan _ecat. |
||
| 942 |
_2ddc _cBK |
||
| 999 |
_c160404 _d160404 |
||